El Fons Centro Español de Moscú (archivo guerra y exilio - AGE) de l'Arxiu Nacional de Catalunya (1966 - 1981) : [fons 555] / Marta Munuera, Amèlia Castan [fons 555] / Marta Munuera, Amèlia Castan
Publicado:
[Sant Cugat del Vallès] :
ANC, Arxiu Nacional de Catalunya. Àrea de Fons Històrics ,
2007
Descripción Física:
73 p. ; 29 cm
Otros Autores:
Castan i Ranch, Amèlia
MARC
| LEADER | 00000nam a2200000Ia 4500 | ||
|---|---|---|---|
| 001 | 19847 | ||
| 003 | BGR | ||
| 005 | 20260324180018.0 | ||
| 008 | 160829s2007 xx 000 0 cat d | ||
| 080 | |a A-2-309 | ||
| 100 | |a Munuera, Marta |9 43803 | ||
| 245 | |a El Fons Centro Español de Moscú (archivo guerra y exilio - AGE) de l'Arxiu Nacional de Catalunya (1966 - 1981) : |b [fons 555] / Marta Munuera, Amèlia Castan | ||
| 260 | |a [Sant Cugat del Vallès] : |b ANC, Arxiu Nacional de Catalunya. Àrea de Fons Històrics, |c 2007 | ||
| 300 | |a 73 p. ; |c 29 cm | ||
| 610 | 2 | 0 | |a Arxiu Nacional de Catalunya |v Catàlegs |9 56080 |
| 650 | |a Centro Español de Moscú |x Arxius |x Catàlegs |9 43804 | ||
| 700 | |a Castan i Ranch, Amèlia |9 20711 | ||
| 710 | 2 | |9 55117 |a Arxiu Nacional de Catalunya |b Àrea de Fons Històrics | |
| 710 | 2 | |9 70382 |a Centro Español de Moscú | |
| 901 | |a Arxiu | ||
| 942 | |n 1 |2 udc |c MON | ||
| 952 | |0 0 |1 0 |4 0 |6 A2309 |7 1 |9 51628 |a Arxiu |b Arxiu |d 2016-12-01 |l 0 |o A-2-309 |p 19847 |r 2016-12-01 00:00:00 |w 2016-12-01 |y ARXIU | ||
| 999 | |c 55473 |d 55473 | ||